Tackling housing abandonment (Record no. 70103)

MARC details
000 -LEADER
fixed length control field 00788cam a2200205 4500
001 - CONTROL NUMBER
control field ABS65394
008 - FIXED-LENGTH DATA ELEMENTS--GENERAL INFORMATION
fixed length control field 020429n2002 000 0 eng u
035 ## - SYSTEM CONTROL NUMBER
System control number (Sirsi) u117727
100 ## - MAIN ENTRY--PERSONAL NAME
Personal name Cane, M
245 ## - TITLE STATEMENT
Title Tackling housing abandonment
260 ## - PUBLICATION, DISTRIBUTION, ETC.
Date of publication, distribution, etc. 2002
490 ## - SERIES STATEMENT
Series statement Urban Environment Today
Volume/sequential designation 4 April 2002,6-7(2)
520 ## - SUMMARY, ETC.
Summary, etc. Feature on housing which highlights that homelessness and house prices are on an upward trend in the south-east, whilst large concentrations of homes are left vacant in the north caused by low demand. Looks at what housing agencies are doing to tackle issues epitomising north-south divide.
590 ## - LOCAL NOTE (RLIN)
Local note ABS
650 ## - SUBJECT ADDED ENTRY--TOPICAL TERM
Topical term or geographic name entry element HOMELESSNESS
650 ## - SUBJECT ADDED ENTRY--TOPICAL TERM
Topical term or geographic name entry element SOCIAL HOUSING
650 ## - SUBJECT ADDED ENTRY--TOPICAL TERM
Topical term or geographic name entry element HOUSE PRICES
690 ## - LOCAL SUBJECT ADDED ENTRY--TOPICAL TERM (OCLC, RLIN)
Topical term or geographic name as entry element Affordable housing
9 (RLIN) 6215
942 ## - ADDED ENTRY ELEMENTS (KOHA)
Suppress in OPAC 0
Holdings
Withdrawn status Lost status Source of classification or shelving scheme Damaged status Not for loan Home library Current library Shelving location Date acquired Total Checkouts Full call number Barcode Date last seen Copy number Price effective from Koha item type
    Dewey Decimal Classification     London London Journal article 29/04/2002   ABS65394 117727-1001 06/08/2019 1 06/08/2019 Journal article